000 00258nam a22001097a 4500
008 170126b xxu||||| |||| 00| 0 eng d
020 _a046442738552
041 _aeng
080 _226TH
_a61
245 _aSTEDMAN'S MEDICAL DICTIONARY
_cSTEDMAN
942 _2udc
_cBK
999 _c3781
_d3781